Statistiques concernant POP Cardio Vasculaire CM3

Cliquez ici pour prendre le quiz!

Statistiques générales

  • Ce quiz a été pris 5 fois
  • Le résultat moyen est 4 sur 15

Statistiques - réponses

HintRéponse% Correct
Quelle est la circulation à basse pression ?le système veineux ramenant le sang vers le cœur + circulation pulmonaire
60%
Comment les centres cardio-vasculaires bulbaires sont-ils informés de la valeur de la pression artérielle?Via les barorecepteurs : Mécanorécepteurs sensibles à la pression.

Positionnement stratégique: à la sortie du ventricule gauche et
dans les artères carotides (=> encéphale).
60%
C'est quoi les cellules musculaires myocardiques (myocytes) ?forment un syncytium grâce aux gap junctions. (VES)
40%
Quelle est l'effet du SN sympathique sur la régulation de la composante cardiaque ?il sécrète de l'ACH, qui va se fixer sur Rcpt Muscariniques M2
sur cellules nodales, et diminuer leurs fréquence d'action, et également sur Rcpt M2 sur myocytes pour diminuer la contraction et le VES
40%
Quels sont les 3 types cellulaires du myocarde ?Les cellules musculaires myocardiques (myocytes), Les cellules nodales (cellules pacemakers) et Des cellules endocrines cardiaques.
40%
Comment fonctionne l'automatisme cardiaque ?Les cellules nodales sont capables de se dépolariser (de modifier leur potentiel de membrane) spontanément.
Elles génèrent donc des potentiels d’action de façon automatique et répétitive.
Ces potentiels sont propagés à l’ensemble des myocytes et provoquent la contraction cardiaque. Ceci se répète de façon
automatique selon un rythme appelé rythme sinusal
40%
Comment le retour veineux doit être aidé ?• par la présence de quelques fibres musculaires lisses dans la paroi des veines, sous contrôle du SN végétatif;
• par la pompe musculaire squelettique et ventilatoire;
• par la présence de valvules dans les veines.
40%
Quel type de vaisseaux sont les veines ?Des vaisseaux capacitifs, capable de stocker un grand volume de sang
(550cm3 à 1550cm3, environ 85% contre 15-20% pour les artères, environ 250cm3)
20%
Quel nerf est présent dans la crosse aortique ?Nerf de Cyon (X = vague ou pneumogastrique)
20%
C'est quoi les cellules nodales (cellules pacemakers) ?peu contractiles mais conductrices, régulatrices et génératrices du potentiel d’action responsable de la contraction des myocytes.
20%
C'est quoi les cellules endocrines cardiaques ?Elles sont présentes essentiellement dans les
oreillettes
0%
Quelle est la circulation à haute pression ?essentiellement le système artériel allant du cœur aux capillaires irriguant les tissus
0%
Comment se propage le signal électrique à l'origine de la contraction cardiaque ?il nait dans les cellules nodales du noeud sinusal, puis se propage à travers les voies de conduction. Puis la diffusion de l'influx se fait de cellules en cellules
0%
Quelle est l'effet du SN parasympathique sur la régulation de la composante cardiaque ?il sécrète de l'adrénaline et de la noradrénaline qui vont se fixer sur les récepteurs Beta1 pour augmenter la fréquence d'action des cellules nodales, et sur les myocytes ventriculaires pour augmenter le VES.
0%
Quel nerf est présent dans le sinus carotidienNerf de Héring ( IX = glossopharygien)
0%

Distribution des résultats

Percentile par nombre de réponses

% des personnes avec chaque résultat

Votre développement - résultats

Vous n’avez pas pris ce quiz